000
00311nam a22001457a 4500
008
210322b ||||| |||| 00| 0 eng d
020
_a
9781609136062
041
_a
eng
080
_2
5th
_a
611
082
_a
611
100
_a
6
101
_a
ANA
245
_a
Grants Dissector
_c
Tank, P. W
942
_2
udc
_c
BK
999
_c
56624
_d
56624